00567 2200205 4500001002100000005001500021035002000036007000300056008004100059020001700100082001000117084001600127100001600143245009100159250001000250260003500260300003500295650002100330990001000351INLIS00000000000614120201022081902 a0010-1020000051ta201022 g 0 ind  a978979017165 a615.8 a615.8 ZAI k0 aZAINUL, Zen1 aKekuatan Metode Lafidzi :bHidup Sehat dengan Olah Lahir, Fikir & Dzikir /cZen Zainul acet.1 aJakarta :bQultum Media,c2007 axii, 166 hlm :b.ilus ;c19 cm 4aKESEHATAN ISLAMI a586 a